| 000 | 00984nam a2200337 a 4500 | ||
|---|---|---|---|
| 003 | AR-BaBNM | ||
| 005 | 20251128203358.0 | ||
| 008 | 082120s2002 ||||||||||||||000 | spa|| | ||
| 020 | _a968-16-1039-3 | ||
| 040 | _cAR-BaBNM | ||
| 100 | 1 | _aFagan, Brian | |
| 245 | 0 | 0 | _aPrecursores de la arqueología en América |
| 250 | _a1ª ed. | ||
| 260 |
_aMéxico, D.F. _bFondo de Cultura Económica _c1984 |
||
| 300 |
_a378 p. _bil., láms., mapas |
||
| 490 | 0 | _aObras de antropología | |
| 500 | _aFuentes para consultar p. 363-367 | ||
| 650 | 4 | _aARQUEOLOGIA | |
| 650 | 4 | _aARQUEOLOGOS | |
| 650 | 4 | _aEXCAVACIONES ARQUEOLOGICAS | |
| 650 | 4 | _aINTERPRETACION ARQUEOLOGICA | |
| 650 | 4 | _aOBJETOS ARQUEOLOGICOS | |
| 650 | 4 | _aTRABAJO ARQUEOLOGICO SOBRE EL TERRENO | |
| 650 | 4 | _aRECURSOS | |
| 650 | 4 | _aABORIGENES | |
| 650 | 4 | _aCIVILIZACIONES ANTIGUAS | |
| 650 | 4 | _aESTUDIOS CULTURALES | |
| 700 | 1 |
_aSánchez García, Mayo Antonio _etraductor |
|
| 942 | _cBK | ||
| 998 | _cmariana | ||
| 999 |
_c3117 _d3117 |
||